| Поле | Инд. | ПП | Название | Значение |
|---|---|---|---|---|
| Тип записи | a | |||
| Библиографический уровень | m | |||
| 001 | Контрольный номер | 6e761c2f477849fa83ae1a8f4f1389a9 | ||
| 005 | Дата корректировки | 20240709133602.9 | ||
| 020 | a | ISBN | 978-5-9614-4983-9 | |
| c | Цена, тираж | 541-80 | ||
| 084 | a | Индекс другой классификации/Индекс ББК | 87 | |
| 090 | a | Полочн. индекс | 87 | |
| c | Каталожный индекс | 87 | ||
| x | Авторский знак | У 35 | ||
| 091 | i | Возрастная адресация (DOS) | 16+ | |
| 097 | b | Оператор | Кондратьева; Максимова | |
| 100 | 1_ | a | Автор | Уикс М. |
| q | Полное имя | Уикс Маркус | ||
| 245 | 10 | a | Заглавие | Что бы сказал Ницше? |
| b | Продолж. заглавия | Как великие философы решили бы ваши проблемы : [16+] | ||
| c | Ответственность | перевод с английского О. Воробьевой | ||
| 260 | a | Место издания | Москва | |
| b | Издательство | Альпина Паблишер | ||
| c | Дата издания | 2021 | ||
| 300 | a | Объем | 186 с. | |
| b | Иллюстрации/ тип воспроизводства | ил. | ||
| 440 | _0 | a | Серия | Что бы сказал...? |
| 653 | 0_ | a | Ключевые слова | философия |
| 900 | a | Имя макрообъекта | 15421831 | |
| 901 | t | Тип документа | m |